00470 2200193 4500001002100000005001500021035002000036008004100056245005300097100001300150250000600163260003600169300001100205084001400216082000800230650001400238990001200252990001200264INLIS00000000000029420240503073227 a0010-0424000270240503 0 ind 1 aMengenal Seni Rupa Terapan Nusantara /cRantinah aRantinah a1 aKlaten :bIntan Pariwara,c2013 a52 hlm a700 RAN m a700 4aNon Fiksi a0728809 a0728810